<?xml version="1.0" encoding="UTF-8"?><marc:collection xmlns:marc="http://www.loc.gov/MARC21/slim">
  <marc:record>
    <marc:leader>04985cam a2200985   4500</marc:leader>
    <marc:controlfield tag="001">gbv_271766581</marc:controlfield>
    <marc:controlfield tag="003">DE-602</marc:controlfield>
    <marc:controlfield tag="005">20221205135220.0</marc:controlfield>
    <marc:controlfield tag="007">tu</marc:controlfield>
    <marc:controlfield tag="008">950109s1995    gw ||||| m    00| ||eng c</marc:controlfield>
    <marc:datafield tag="015" ind1=" " ind2=" ">
      <marc:subfield code="a">95,N01,0264</marc:subfield>
      <marc:subfield code="2">dnb</marc:subfield>
    </marc:datafield>
    <marc:datafield tag="015" ind1=" " ind2=" ">
      <marc:subfield code="a">95,A23,0370</marc:subfield>
      <marc:subfield code="2">dnb</marc:subfield>
    </marc:datafield>
    <marc:datafield tag="016" ind1="7" ind2=" ">
      <marc:subfield code="a">942258754</marc:subfield>
      <marc:subfield code="2">DE-101</marc:subfield>
    </marc:datafield>
    <marc:datafield tag="020" ind1=" " ind2=" ">
      <marc:subfield code="a">363147976X</marc:subfield>
      <marc:subfield code="c">: sfr 78.00 (kart.)</marc:subfield>
      <marc:subfield code="9">3-631-47976-X</marc:subfield>
    </marc:datafield>
    <marc:datafield tag="035" ind1=" " ind2=" ">
      <marc:subfield code="a">(DE-627)271766581</marc:subfield>
    </marc:datafield>
    <marc:datafield tag="035" ind1=" " ind2=" ">
      <marc:subfield code="a">(DE-576)047003138</marc:subfield>
    </marc:datafield>
    <marc:datafield tag="035" ind1=" " ind2=" ">
      <marc:subfield code="a">(DE-599)GBV271766581</marc:subfield>
    </marc:datafield>
    <marc:datafield tag="035" ind1=" " ind2=" ">
      <marc:subfield code="a">(OCoLC)844981734</marc:subfield>
    </marc:datafield>
    <marc:datafield tag="035" ind1=" " ind2=" ">
      <marc:subfield code="a">(OCoLC)246627026</marc:subfield>
    </marc:datafield>
    <marc:datafield tag="035" ind1=" " ind2=" ">
      <marc:subfield code="a">(OCoLC)32590362</marc:subfield>
    </marc:datafield>
    <marc:datafield tag="040" ind1=" " ind2=" ">
      <marc:subfield code="a">DE-627</marc:subfield>
      <marc:subfield code="b">ger</marc:subfield>
      <marc:subfield code="c">DE-627</marc:subfield>
      <marc:subfield code="e">rakwb</marc:subfield>
    </marc:datafield>
    <marc:datafield tag="041" ind1=" " ind2=" ">
      <marc:subfield code="a">eng</marc:subfield>
    </marc:datafield>
    <marc:datafield tag="044" ind1=" " ind2=" ">
      <marc:subfield code="c">XA-DE</marc:subfield>
      <marc:subfield code="c">XA-CH</marc:subfield>
      <marc:subfield code="c">XD-US</marc:subfield>
    </marc:datafield>
    <marc:datafield tag="049" ind1=" " ind2=" ">
      <marc:subfield code="a">DE-1;271766581</marc:subfield>
    </marc:datafield>
    <marc:datafield tag="050" ind1=" " ind2="0">
      <marc:subfield code="a">HD5764.A6</marc:subfield>
    </marc:datafield>
    <marc:datafield tag="082" ind1="0" ind2=" ">
      <marc:subfield code="a">331.13794 RIEL</marc:subfield>
    </marc:datafield>
    <marc:datafield tag="084" ind1=" " ind2=" ">
      <marc:subfield code="a">18</marc:subfield>
      <marc:subfield code="a">14</marc:subfield>
      <marc:subfield code="2">sdnb</marc:subfield>
    </marc:datafield>
    <marc:datafield tag="084" ind1=" " ind2=" ">
      <marc:subfield code="a">QV 200</marc:subfield>
      <marc:subfield code="2">rvk</marc:subfield>
      <marc:subfield code="0">(DE-625)rvk/142138:</marc:subfield>
    </marc:datafield>
    <marc:datafield tag="084" ind1=" " ind2=" ">
      <marc:subfield code="a">QV 500</marc:subfield>
      <marc:subfield code="2">rvk</marc:subfield>
      <marc:subfield code="0">(DE-625)rvk/142155:</marc:subfield>
    </marc:datafield>
    <marc:datafield tag="084" ind1=" " ind2=" ">
      <marc:subfield code="a">MS 5000</marc:subfield>
      <marc:subfield code="2">rvk</marc:subfield>
      <marc:subfield code="0">(DE-625)rvk/123721:</marc:subfield>
    </marc:datafield>
    <marc:datafield tag="084" ind1=" " ind2=" ">
      <marc:subfield code="a">83.14</marc:subfield>
      <marc:subfield code="2">bkl</marc:subfield>
    </marc:datafield>
    <marc:datafield tag="084" ind1=" " ind2=" ">
      <marc:subfield code="a">85.63</marc:subfield>
      <marc:subfield code="2">bkl</marc:subfield>
    </marc:datafield>
    <marc:datafield tag="100" ind1="1" ind2=" ">
      <marc:subfield code="a">Riel, Bart van</marc:subfield>
      <marc:subfield code="d">1959-</marc:subfield>
      <marc:subfield code="0">(DE-588)171096266</marc:subfield>
      <marc:subfield code="0">(DE-627)061262072</marc:subfield>
      <marc:subfield code="0">(DE-576)131917668</marc:subfield>
      <marc:subfield code="4">aut</marc:subfield>
    </marc:datafield>
    <marc:datafield tag="245" ind1="1" ind2="0">
      <marc:subfield code="a">Unemployment divergence and coordinated systems of industrial relations</marc:subfield>
      <marc:subfield code="b">a comparative analysis of six economies</marc:subfield>
      <marc:subfield code="c">Bart van Riel</marc:subfield>
    </marc:datafield>
    <marc:datafield tag="264" ind1=" " ind2="1">
      <marc:subfield code="a">Frankfurt am Main</marc:subfield>
      <marc:subfield code="a">Berlin [u.a.]</marc:subfield>
      <marc:subfield code="b">Lang</marc:subfield>
      <marc:subfield code="c">1995</marc:subfield>
    </marc:datafield>
    <marc:datafield tag="300" ind1=" " ind2=" ">
      <marc:subfield code="a">XVI, 472 S.</marc:subfield>
      <marc:subfield code="b">graph. Darst.</marc:subfield>
      <marc:subfield code="c">21 cm</marc:subfield>
    </marc:datafield>
    <marc:datafield tag="336" ind1=" " ind2=" ">
      <marc:subfield code="a">Text</marc:subfield>
      <marc:subfield code="b">txt</marc:subfield>
      <marc:subfield code="2">rdacontent</marc:subfield>
    </marc:datafield>
    <marc:datafield tag="337" ind1=" " ind2=" ">
      <marc:subfield code="a">ohne Hilfsmittel zu benutzen</marc:subfield>
      <marc:subfield code="b">n</marc:subfield>
      <marc:subfield code="2">rdamedia</marc:subfield>
    </marc:datafield>
    <marc:datafield tag="338" ind1=" " ind2=" ">
      <marc:subfield code="a">Band</marc:subfield>
      <marc:subfield code="b">nc</marc:subfield>
      <marc:subfield code="2">rdacarrier</marc:subfield>
    </marc:datafield>
    <marc:datafield tag="490" ind1="1" ind2=" ">
      <marc:subfield code="a">European University Studies</marc:subfield>
      <marc:subfield code="a">Series 5, Economics and management</marc:subfield>
      <marc:subfield code="v">1669</marc:subfield>
    </marc:datafield>
    <marc:datafield tag="500" ind1=" " ind2=" ">
      <marc:subfield code="a">Literaturverz. S. 441 - 472</marc:subfield>
    </marc:datafield>
    <marc:datafield tag="502" ind1=" " ind2=" ">
      <marc:subfield code="a">Zugl.: Darmstadt, Techn. Hochsch., Diss., 1994</marc:subfield>
    </marc:datafield>
    <marc:datafield tag="505" ind1="8" ind2="0">
      <marc:subfield code="a">Literaturverz. S. 441 - 472</marc:subfield>
    </marc:datafield>
    <marc:datafield tag="520" ind1=" " ind2=" ">
      <marc:subfield code="a">Lit.</marc:subfield>
    </marc:datafield>
    <marc:datafield tag="583" ind1="1" ind2=" ">
      <marc:subfield code="a">Archivierung prüfen</marc:subfield>
      <marc:subfield code="c">20200919</marc:subfield>
      <marc:subfield code="f">DE-640</marc:subfield>
      <marc:subfield code="z">3</marc:subfield>
      <marc:subfield code="2">pdager</marc:subfield>
    </marc:datafield>
    <marc:datafield tag="650" ind1=" " ind2="7">
      <marc:subfield code="8">1.1\x</marc:subfield>
      <marc:subfield code="a">Arbeitslosigkeit</marc:subfield>
      <marc:subfield code="0">(DE-627)091347564</marc:subfield>
      <marc:subfield code="0">(DE-2867)11182-6</marc:subfield>
      <marc:subfield code="2">stw</marc:subfield>
    </marc:datafield>
    <marc:datafield tag="650" ind1=" " ind2="7">
      <marc:subfield code="8">1.2\x</marc:subfield>
      <marc:subfield code="a">Arbeitsbeziehungen</marc:subfield>
      <marc:subfield code="0">(DE-627)091347459</marc:subfield>
      <marc:subfield code="0">(DE-2867)11314-1</marc:subfield>
      <marc:subfield code="2">stw</marc:subfield>
    </marc:datafield>
    <marc:datafield tag="650" ind1=" " ind2="7">
      <marc:subfield code="8">1.3\x</marc:subfield>
      <marc:subfield code="a">Tarifverhandlungen</marc:subfield>
      <marc:subfield code="0">(DE-627)091375630</marc:subfield>
      <marc:subfield code="0">(DE-2867)11346-2</marc:subfield>
      <marc:subfield code="2">stw</marc:subfield>
    </marc:datafield>
    <marc:datafield tag="650" ind1=" " ind2="7">
      <marc:subfield code="8">1.4\x</marc:subfield>
      <marc:subfield code="a">Japan</marc:subfield>
      <marc:subfield code="0">(DE-627)091369282</marc:subfield>
      <marc:subfield code="0">(DE-2867)17568-3</marc:subfield>
      <marc:subfield code="2">stw</marc:subfield>
    </marc:datafield>
    <marc:datafield tag="650" ind1=" " ind2="7">
      <marc:subfield code="8">1.5\x</marc:subfield>
      <marc:subfield code="a">Schweden</marc:subfield>
      <marc:subfield code="0">(DE-627)091388708</marc:subfield>
      <marc:subfield code="0">(DE-2867)16989-5</marc:subfield>
      <marc:subfield code="2">stw</marc:subfield>
    </marc:datafield>
    <marc:datafield tag="650" ind1=" " ind2="7">
      <marc:subfield code="8">1.6\x</marc:subfield>
      <marc:subfield code="a">Österreich</marc:subfield>
      <marc:subfield code="0">(DE-627)091381975</marc:subfield>
      <marc:subfield code="0">(DE-2867)16950-4</marc:subfield>
      <marc:subfield code="2">stw</marc:subfield>
    </marc:datafield>
    <marc:datafield tag="650" ind1=" " ind2="7">
      <marc:subfield code="8">1.7\x</marc:subfield>
      <marc:subfield code="a">Schweiz</marc:subfield>
      <marc:subfield code="0">(DE-627)091388805</marc:subfield>
      <marc:subfield code="0">(DE-2867)16972-1</marc:subfield>
      <marc:subfield code="2">stw</marc:subfield>
    </marc:datafield>
    <marc:datafield tag="650" ind1=" " ind2="7">
      <marc:subfield code="8">1.8\x</marc:subfield>
      <marc:subfield code="a">Deutschland</marc:subfield>
      <marc:subfield code="0">(DE-627)091354749</marc:subfield>
      <marc:subfield code="0">(DE-2867)18012-3</marc:subfield>
      <marc:subfield code="2">stw</marc:subfield>
    </marc:datafield>
    <marc:datafield tag="650" ind1=" " ind2="7">
      <marc:subfield code="8">1.9\x</marc:subfield>
      <marc:subfield code="a">Niederlande</marc:subfield>
      <marc:subfield code="0">(DE-627)091380170</marc:subfield>
      <marc:subfield code="0">(DE-2867)17433-5</marc:subfield>
      <marc:subfield code="2">stw</marc:subfield>
    </marc:datafield>
    <marc:datafield tag="650" ind1="0" ind2="7">
      <marc:subfield code="0">(DE-588)4142901-1</marc:subfield>
      <marc:subfield code="0">(DE-627)105609625</marc:subfield>
      <marc:subfield code="0">(DE-576)209722304</marc:subfield>
      <marc:subfield code="a">Arbeitslosenquote</marc:subfield>
      <marc:subfield code="2">gnd</marc:subfield>
    </marc:datafield>
    <marc:datafield tag="650" ind1="0" ind2="7">
      <marc:subfield code="0">(DE-588)4002617-6</marc:subfield>
      <marc:subfield code="0">(DE-627)104791802</marc:subfield>
      <marc:subfield code="0">(DE-576)208847987</marc:subfield>
      <marc:subfield code="a">Arbeitsbeziehungen</marc:subfield>
      <marc:subfield code="2">gnd</marc:subfield>
    </marc:datafield>
    <marc:datafield tag="650" ind1="0" ind2="7">
      <marc:subfield code="0">(DE-588)4032510-6</marc:subfield>
      <marc:subfield code="0">(DE-627)106261479</marc:subfield>
      <marc:subfield code="0">(DE-576)208997253</marc:subfield>
      <marc:subfield code="a">Korporatismus</marc:subfield>
      <marc:subfield code="2">gnd</marc:subfield>
    </marc:datafield>
    <marc:datafield tag="650" ind1="0" ind2="7">
      <marc:subfield code="0">(DE-588)4120509-1</marc:subfield>
      <marc:subfield code="0">(DE-627)104262591</marc:subfield>
      <marc:subfield code="0">(DE-576)209535695</marc:subfield>
      <marc:subfield code="a">Internationaler Vergleich</marc:subfield>
      <marc:subfield code="2">gnd</marc:subfield>
    </marc:datafield>
    <marc:datafield tag="653" ind1=" " ind2="0">
      <marc:subfield code="a">Unemployment</marc:subfield>
      <marc:subfield code="a">Europe</marc:subfield>
      <marc:subfield code="a">Case studies</marc:subfield>
    </marc:datafield>
    <marc:datafield tag="653" ind1=" " ind2="0">
      <marc:subfield code="a">Unemployment</marc:subfield>
      <marc:subfield code="a">Japan</marc:subfield>
    </marc:datafield>
    <marc:datafield tag="653" ind1=" " ind2="0">
      <marc:subfield code="a">Industrial relations</marc:subfield>
      <marc:subfield code="a">Europe</marc:subfield>
      <marc:subfield code="a">Case studies</marc:subfield>
    </marc:datafield>
    <marc:datafield tag="653" ind1=" " ind2="0">
      <marc:subfield code="a">Industrial relations</marc:subfield>
      <marc:subfield code="a">Japan</marc:subfield>
    </marc:datafield>
    <marc:datafield tag="653" ind1=" " ind2="0">
      <marc:subfield code="a">Europe</marc:subfield>
      <marc:subfield code="a">Economic conditions</marc:subfield>
      <marc:subfield code="a">1945-</marc:subfield>
      <marc:subfield code="a">Regional disparities</marc:subfield>
    </marc:datafield>
    <marc:datafield tag="653" ind1=" " ind2="0">
      <marc:subfield code="a">Japan</marc:subfield>
      <marc:subfield code="a">Economic conditions</marc:subfield>
      <marc:subfield code="a">1945-</marc:subfield>
    </marc:datafield>
    <marc:datafield tag="653" ind1=" " ind2="0">
      <marc:subfield code="a">Comparative industrial relations</marc:subfield>
    </marc:datafield>
    <marc:datafield tag="655" ind1=" " ind2="4">
      <marc:subfield code="0">(DE-206)3</marc:subfield>
      <marc:subfield code="a">Bibliographie enthalten</marc:subfield>
      <marc:subfield code="5">DE-206</marc:subfield>
    </marc:datafield>
    <marc:datafield tag="655" ind1=" " ind2="7">
      <marc:subfield code="a">Hochschulschrift</marc:subfield>
      <marc:subfield code="0">(DE-588)4113937-9</marc:subfield>
      <marc:subfield code="0">(DE-627)105825778</marc:subfield>
      <marc:subfield code="0">(DE-576)209480580</marc:subfield>
      <marc:subfield code="2">gnd-content</marc:subfield>
    </marc:datafield>
    <marc:datafield tag="689" ind1="0" ind2="0">
      <marc:subfield code="D">s</marc:subfield>
      <marc:subfield code="0">(DE-588)4142901-1</marc:subfield>
      <marc:subfield code="0">(DE-627)105609625</marc:subfield>
      <marc:subfield code="0">(DE-576)209722304</marc:subfield>
      <marc:subfield code="a">Arbeitslosenquote</marc:subfield>
      <marc:subfield code="2">gnd</marc:subfield>
    </marc:datafield>
    <marc:datafield tag="689" ind1="0" ind2="1">
      <marc:subfield code="D">s</marc:subfield>
      <marc:subfield code="0">(DE-588)4002617-6</marc:subfield>
      <marc:subfield code="0">(DE-627)104791802</marc:subfield>
      <marc:subfield code="0">(DE-576)208847987</marc:subfield>
      <marc:subfield code="a">Arbeitsbeziehungen</marc:subfield>
      <marc:subfield code="2">gnd</marc:subfield>
    </marc:datafield>
    <marc:datafield tag="689" ind1="0" ind2="2">
      <marc:subfield code="D">s</marc:subfield>
      <marc:subfield code="0">(DE-588)4032510-6</marc:subfield>
      <marc:subfield code="0">(DE-627)106261479</marc:subfield>
      <marc:subfield code="0">(DE-576)208997253</marc:subfield>
      <marc:subfield code="a">Korporatismus</marc:subfield>
      <marc:subfield code="2">gnd</marc:subfield>
    </marc:datafield>
    <marc:datafield tag="689" ind1="0" ind2="3">
      <marc:subfield code="D">s</marc:subfield>
      <marc:subfield code="0">(DE-588)4120509-1</marc:subfield>
      <marc:subfield code="0">(DE-627)104262591</marc:subfield>
      <marc:subfield code="0">(DE-576)209535695</marc:subfield>
      <marc:subfield code="a">Internationaler Vergleich</marc:subfield>
      <marc:subfield code="2">gnd</marc:subfield>
    </marc:datafield>
    <marc:datafield tag="689" ind1="0" ind2=" ">
      <marc:subfield code="5">DE-101</marc:subfield>
    </marc:datafield>
    <marc:datafield tag="751" ind1=" " ind2=" ">
      <marc:subfield code="a">Darmstadt</marc:subfield>
      <marc:subfield code="4">uvp</marc:subfield>
    </marc:datafield>
    <marc:datafield tag="830" ind1=" " ind2="0">
      <marc:subfield code="a">Europäische Hochschulschriften / 5</marc:subfield>
      <marc:subfield code="v">1669</marc:subfield>
      <marc:subfield code="9">1669</marc:subfield>
      <marc:subfield code="w">(DE-627)130134260</marc:subfield>
      <marc:subfield code="w">(DE-576)015671569</marc:subfield>
      <marc:subfield code="w">(DE-600)510547-X</marc:subfield>
      <marc:subfield code="x">0531-7339</marc:subfield>
      <marc:subfield code="7">ns</marc:subfield>
    </marc:datafield>
    <marc:datafield tag="889" ind1=" " ind2=" ">
      <marc:subfield code="w">(DE-627)179902792</marc:subfield>
    </marc:datafield>
    <marc:datafield tag="889" ind1=" " ind2=" ">
      <marc:subfield code="w">(DE-627)257344799</marc:subfield>
    </marc:datafield>
    <marc:datafield tag="924" ind1=" " ind2=" ">
      <marc:subfield code="a">271766581</marc:subfield>
      <marc:subfield code="b">DE-1</marc:subfield>
      <marc:subfield code="c">KOBV</marc:subfield>
      <marc:subfield code="d">c</marc:subfield>
      <marc:subfield code="c">KOBV</marc:subfield>
    </marc:datafield>
    <marc:datafield tag="935" ind1=" " ind2=" ">
      <marc:subfield code="i">mdedup</marc:subfield>
    </marc:datafield>
    <marc:datafield tag="935" ind1=" " ind2=" ">
      <marc:subfield code="i">Blocktest</marc:subfield>
    </marc:datafield>
    <marc:datafield tag="936" ind1="r" ind2="v">
      <marc:subfield code="a">QV 200</marc:subfield>
      <marc:subfield code="b">Allgemeines</marc:subfield>
      <marc:subfield code="k">Wirtschaftswissenschaften</marc:subfield>
      <marc:subfield code="k">Arbeitnehmerfragen (Labor Economics)</marc:subfield>
      <marc:subfield code="k">Arbeitsangebot. Arbeitsmarkt</marc:subfield>
      <marc:subfield code="k">Allgemeines</marc:subfield>
      <marc:subfield code="0">(DE-627)1270742361</marc:subfield>
      <marc:subfield code="0">(DE-625)rvk/142138:</marc:subfield>
      <marc:subfield code="0">(DE-576)200742361</marc:subfield>
    </marc:datafield>
    <marc:datafield tag="936" ind1="r" ind2="v">
      <marc:subfield code="a">QV 500</marc:subfield>
      <marc:subfield code="b">Allgemeines</marc:subfield>
      <marc:subfield code="k">Wirtschaftswissenschaften</marc:subfield>
      <marc:subfield code="k">Arbeitnehmerfragen (Labor Economics)</marc:subfield>
      <marc:subfield code="k">Arbeitnehmer-Arbeitgeber-Beziehungen. Tariflohnverhandlungen</marc:subfield>
      <marc:subfield code="k">Allgemeines</marc:subfield>
      <marc:subfield code="0">(DE-627)1271480840</marc:subfield>
      <marc:subfield code="0">(DE-625)rvk/142155:</marc:subfield>
      <marc:subfield code="0">(DE-576)201480840</marc:subfield>
    </marc:datafield>
    <marc:datafield tag="936" ind1="r" ind2="v">
      <marc:subfield code="a">MS 5000</marc:subfield>
      <marc:subfield code="b">Arbeitsbeziehungen, Streik, Mitbestimmung</marc:subfield>
      <marc:subfield code="k">Soziologie</marc:subfield>
      <marc:subfield code="k">Spezielle Soziologien</marc:subfield>
      <marc:subfield code="k">Wirtschafts-, Industrie- und Techniksoziologie</marc:subfield>
      <marc:subfield code="k">Arbeitsbeziehungen, Streik, Mitbestimmung</marc:subfield>
      <marc:subfield code="0">(DE-627)1271441268</marc:subfield>
      <marc:subfield code="0">(DE-625)rvk/123721:</marc:subfield>
      <marc:subfield code="0">(DE-576)201441268</marc:subfield>
    </marc:datafield>
    <marc:datafield tag="936" ind1="b" ind2="k">
      <marc:subfield code="a">83.14</marc:subfield>
      <marc:subfield code="j">Einkommen</marc:subfield>
      <marc:subfield code="j">Beschäftigung</marc:subfield>
      <marc:subfield code="j">Arbeitsmarkt</marc:subfield>
      <marc:subfield code="0">(DE-627)106416340</marc:subfield>
    </marc:datafield>
    <marc:datafield tag="936" ind1="b" ind2="k">
      <marc:subfield code="a">85.63</marc:subfield>
      <marc:subfield code="j">Arbeitsbeziehungen</marc:subfield>
      <marc:subfield code="0">(DE-627)106414720</marc:subfield>
    </marc:datafield>
    <marc:datafield tag="951" ind1=" " ind2=" ">
      <marc:subfield code="a">BO</marc:subfield>
    </marc:datafield>
  </marc:record>
</marc:collection>
